Statistics for Most Appearances in the Champions League From Americas w Exceptions

Click here to take the quiz!

General Stats

  • This quiz has been taken 42 times
  • The average score is 17 of 25

Answer Stats

#Apps.Main TeamYearsPos.NationalityAnswer% Correct
373Barcelona2010-'11, 2014-'22FWUruguayLuis Suárez
100%
664Atlético Madrid2008-'09, 2013-'20CBUruguayDiego Godin
97%
183Juventus2012-2022MFChileArturo Vidal
95%
570Paris Saint-Germain2011-'12, 2013-'22FWUruguayÉdinson Cavani
95%
763Real Madrid2014-2022GKCosta RicaKeylor Navas
95%
275Barcelona2011-FW/AMChileAlexis Sánchez
92%
1454Chelsea2016-LW/RWUnited StatesChristian Pulišić
92%
2145Manchester United2009-'14, 2015-'16, 2017-'19RM/RBEcuadorAntonio Valencia
90%
1553Real Madrid2011-'13, 2014-'20AMColombiaJames Rodríguez
90%
1946Manchester United2010-2017FWMexicoJavier Hernández
90%
1946Manchester United2001-'04, 2005-'06, 2008-'10, 2011-'12FWUruguayDiego Forlán
82%
1059Juventus2014-RB/RMColombiaJuan Cuadrado
79%
2145Real Madrid2018-MFUruguayFederico Valverde
77%
2145Barcelona2000-'01, 2004-'10CB/DMMexicoRafael Márquez
74%
373Bayern München2001-'09, 2010-'11, 2012-'15FWPeruClaudio Pizarro
72%
2145Galatasaray2012-'16, 2018-'20, 2023-GKUruguayFernando Muslera
64%
961Bayern München1999-'04, 2005-'07, 2012-'13FWParaguayRoque Santa Cruz
64%
1059Inter Milan2002-2011CBColombiaIvan Córdoba
56%
1652Atlético Madrid2014-DFUruguayJosé Giménez
54%
860PSV Eindhoven2004-'08, 2010-'11, 2012-'14, 2018-'19RW/FWPeruJefferson Farfán
46%
1652FC Porto2013-2022MFMexicoHéctor Herrera
31%
1356Juventus1996-'99, 2001-'05CBUruguayPaolo Montero
28%
1257Benfica2007-'08, 2010-'19RB/RWUruguayMaxi Pereira
21%
1850Real Madrid1957-1966DFUruguayJosé Santamaría
13%
2543Valencia1991-'93, 1999-'01RBGuadeloupeJocelyn Angloma
5%

Score Distribution

Percentile by Number Answered

Percent of People with Each Score

Your Score History

You have not taken this quiz